000 01282nam a2200349 i 4500
003 EG-GICUC
005 20260221115842.0
008 260119s2005 ua |||fr|||| 00| 0 ara d
017 _a10617/93
020 _a9770410756
040 _a EG-GICUC
_bara
_c EG-GICUC
_d EG-GICUC
_erda
041 0 _aAra
082 0 4 _221
_a343.36324
_bح س . إ
092 0 4 _221
099 _aLaw1 10 343.36324 ح س . إ 2005
100 0 _aحسام الدين محمد أحمد
_eمؤلف.
245 1 2 _aالإفراج المؤقت كبديل للحبس الإحتياطى :
_bدراسة مقارنة/
_cتأليف دكتور حسام الدين محمد أحمد.
250 _aالطبعة الرابعة
264 _aالقاهرة :
_bدار النهضة العربية،
_c2005.
300 _a200 صفحة؛
_c24 سم.
336 _2rda content
_atext
337 _2rda media
_aComputer
338 _2rda carrier
_aOnline Resource
504 _a ببليوجرافيا: صفحات183-187.
546 _aالنص باللغة العربية
650 1 _aالحبس الإحتياطى
_2qrmak
650 1 _aالقانون الجنائى
_2qrmak
651 1 _2qrmak
856 4 0 _uhttps://fll.law.cu.edu.eg/fulltext/bks/B10-07875.pdf
905 _a54
942 _2ddc
_cBK
_e21
_n0
999 _c57848
_d57848